| 000 | 00579nam a22002057a 4500 | ||
|---|---|---|---|
| 999 |
_c291200 _d291200 |
||
| 003 | OSt | ||
| 020 | _a9788131731499 | ||
| 082 |
_a339 _bVAN/MA |
||
| 100 | _aVanitha, Agarwal | ||
| 245 | _aMacroeconomics theory and policy | ||
| 260 |
_aUttar pradesh _bPearson India education services _c2010 |
||
| 300 | _a400p. | ||
| 546 | _aEnglish | ||
| 650 | _aEconomics | ||
| 650 | _aNational income and determination | ||
| 650 | _aTheories of consumption and investmentspending | ||
| 650 | _aAnalysis of monetary sector | ||
| 650 | _aInflation and unemployment | ||
| 942 |
_2ddc _cBK |
||